| 000 | 01071naa a22003017a 4500 | ||
|---|---|---|---|
| 001 | BR6800300 | ||
| 003 | BR-BrBNA | ||
| 005 | 20240918173323.0 | ||
| 007 | ta | ||
| 008 | 230509b bl.||||| |||| 00| 0 por d | ||
| 040 |
_aBR-BrBNA _bpor _cBiblioteca Nacional de Agricultura |
||
| 041 | _a(Pt) | ||
| 072 |
_aK50 _b3140 _b8913 _bG514 |
||
| 090 | _aK50 BR6800300 | ||
| 100 | 1 | _aGurgel Filho, O.A. | |
| 100 | 1 | _aSouza Junior, H. | |
| 100 | 1 | _aVencovsky, R. | |
| 111 | 1 |
_aCongresso Florestal Brasileiro _cCuritiba, PR (Brazil) _d20 Oct 1968 |
|
| 245 | 1 |
_aResinagem em Pinus elliotti Eng. var. elliotti [Pinheiro; Industria florestal; Brasil] _bNota previa |
|
| 260 | 3 |
_aCuritiba, PR (Brasil): _c1968. |
|
| 500 | _aAnais do Congresso Florestal Brasileiro Curitiba, PR (Brasil): 1968. p. 19-21 (BR6800300-AM)K50 | ||
| 650 | _aIndustria florestal | ||
| 650 | _aPinheiro | ||
| 650 | _aResina | ||
| 773 | 0 |
_tAnais do Congresso Florestal Brasileiro _wK50 BR6800300 _gCuritiba, PR (Brasil), 1968. p. 19-21 |
|
| 909 |
_a202404 _bLucia _c55 _dLucia Elande |
||
| 942 |
_cAM _2AGRIS |
||
| 999 |
_c303965 _d303965 |
||